| 000 | 00537nam a22001577a 4500 | ||
|---|---|---|---|
| 020 | _qHard Cover. | ||
| 082 | _a620.005 | ||
| 100 | _aIqbal, Aakif | ||
| 245 |
_aPerformance Evaluation of Broadband Technologies in Pakistan based on Critical Success Factors / _cAakif Iqbal |
||
| 260 |
_aIslamabad : _bCEME - NUST, _c2012. |
||
| 300 |
_a65 p. : ill. ; _c30cm. |
||
| 650 |
_aEngineering Management-MS-Thesis _916065 |
||
| 700 |
_aDr. Shafaqat Hameed. _931536 |
||
| 942 |
_2ddc _cTHE |
||
| 999 |
_c536399 _d536399 |
||